|
|
|
|
| LEADER |
01217nas a2200265 a 4500 |
| 001 |
000888701 |
| 003 |
CZ BrMZK |
| 005 |
20080408142349.0 |
| 007 |
ta |
| 008 |
080306c200u9999xr uu p s 0 b0cze d |
| 040 |
|
|
|a BOA001
|b cze
|
| 245 |
0 |
0 |
|a Codexis advokacie :
|h [elektronický zdroj] :
|b právní informační systém : legislativa Evropské unie - judikatura ESD - legislativa České republiky - judikatura České republiky - advokátní předpisy
|
| 260 |
|
|
|a Praha :
|b Atlas consulting,
|c [200-] -
|
| 300 |
|
|
|a elektronický optický disk (CD-ROM)
|c 12 cm
|
| 310 |
|
|
|a Periodicita není známa
|
| 362 |
0 |
|
|a Popsáno dle : R. 2006, č. 10
|
| 541 |
|
|
|c pv-cdr
|
| 710 |
2 |
2 |
|a Česká advokátní komora
|7 kn20020321245
|
| 856 |
4 |
1 |
|u http://www.codexisadvokacie.cz
|y www.codexisadvokacie.cz
|
| 910 |
|
|
|a BOA001
|b CDR-1184.840
|r 2006-
|
| 952 |
|
|
|a e-xr-pg
|
| 990 |
|
|
|a SE
|
| 991 |
|
|
|b 200803
|
| 996 |
3 |
|
|b 2610336705
|c CDR-1184.840
|d 2006 11-12
|v 2006
|i 11-12
|y 2006
|l Stud. periodik/2.patro
|r Sklad / do 1 hodiny
|n 2
|p cdr-p.v.
|w 000888701
|u 000020
|a 1
|e BOA001
|j MZK50
|s N
|
| 996 |
3 |
|
|b 2610336706
|c CDR-1184.840
|d 2006 10
|v 2006
|i 10
|y 2006
|l Stud. periodik/2.patro
|r Sklad / do 1 hodiny
|n 0
|p cdr-p.v.
|w 000888701
|u 000010
|a 1
|e BOA001
|j MZK50
|s N
|